LEADER 00463naa a2200145 i 4500 001 000000318990 003 CaOOAMICUS 005 20180831173258.0 008 180831n it u000 u ita u 013 $a28611 040 $aSeMil$bita 100 1 $aFavreau, Michel.$0(OLS)http://semarc/name/39471 245 10$aDalle lettere. 773 0 $aFavreau, Michel$tPreti operai.$dVicenza : La Locusta, 1961.$gp.57-70$w()208395 996 $6245$aDalle lettere$9(OLS)http://semarc/title/392791 LEADER 00829nam a2200205 i 4500 001 000000232590 003 CaOOAMICUS 005 20140902000000.0 008 140902s1973 it u000 u fre u 013 $a211493 040 $aSeMil$bita 100 1 $aBellet, Maurice,$d<1923-2018>.$0(OLS)http://semarc/name/90451 245 10$aCrise du biblisme chance de la bible /$cMaurice Bellet ... [et al.]. 260 $aParis :$bEPI,$ccopyr. 1973. 300 $a126 p. ;$c22 cm. 650 4$aBibbia - Commentari, studi, critica, interpretazioni.$0(OLS)http://semarc/subject/783 850 $aSeMil 852 $aSeMil$W1$xVenegono$y1$m2Z II 165$j182936$B182936$CSeMilBibl$Z2$F193938 $81 996 $6245$aCrise du biblisme chance de la bible$9(OLS)http://semarc/title/331860 996 $6260$aParis :$bEPI$9(OLS)http://semarc/publisher/50486